|
|
|
|
| LEADER |
00000cam a2200000 7i4500 |
| 001 |
0000003717 |
| 005 |
20110420.0 |
| 020 |
0 |
0 |
|a 983926950x
|
| 090 |
0 |
0 |
|a 333.7809595112
|b GUN 2006
|
| 245 |
0 |
0 |
|a Gunung Mandi Angin,Terengganu :
|b Pengurusan, persekitaran fizikal, kepelbagaian biologi dan pelancongan ekologi
|c Disunting oleh: Azahar Muda... [et al.]
|
| 260 |
0 |
0 |
|a Kuala Lumpur :
|b Jabatan Perhutanan Semenanjung Malaysia ,
|c 2006
|
| 300 |
|
|
|a 499 p :
|b il.(col.) ;
|c 26cm.
|
| 440 |
0 |
0 |
|a Siri 7 : Siri kepelbagaian biologi hutan
|
| 650 |
0 |
0 |
|a National parks and reserves
|z Terengganu
|
| 700 |
1 |
1 |
|a A.Latiff
|
| 700 |
1 |
1 |
|a Azahar Muda
|
| 700 |
1 |
1 |
|a Jalil Md. Som
|
| 700 |
1 |
1 |
|a Mohd. Rizal Sabran
|
| 700 |
1 |
1 |
|a Na'aman Jaafar
|
| 700 |
1 |
1 |
|a Nizam M.S
|
| 710 |
1 |
1 |
|a Jabatan Perhutanan Semenanjung Malaysia
|
| 999 |
|
|
|a 007316
|b Monograph
|c Open Shelf
|e Default branch
|
| 999 |
|
|
|a 007317
|b Monograph
|c Open Shelf
|e Default branch
|
| 999 |
|
|
|a 007318
|b Monograph
|c Open Shelf
|e Default branch
|
| 999 |
|
|
|a 007319
|b Monograph
|c Open Shelf
|e Default branch
|
| 999 |
|
|
|a 007320
|b Monograph
|c Open Shelf
|e Default branch
|